Grandi Insieme. (Record n. 360077)

Dettagli MARC
000 -LEADER
campo di controllo lung. fissa 01358nam a22002057a 4500
003 - Identificatore del numero di controllo
campo di controllo IT-MiCISF
005 - Data e orario dell'ultima transazione
campo di controllo 20240509143443.0
008 - Elementi di lunghezza fissa--Informazione generale
campo di controllo lung. fissa 240509b |||||||| |||| 00| 0 eng d
020 ## - ISBN (International Standard Book Number)
ISBN (International Standard Book Number) 9788831555364
040 ## - Fonte della catalogazione
Agenzia che fa la trascrizione IT-MiCISF
041 ## - Codice di lingua
Codice di lingua del testo/traccia sonora o titolo separato it
100 ## - Accesso principale -- nome di persona
Nome di persona Bettetini Massimo
9 (RLIN) 59034
245 ## - Formulazione del titolo
Titolo Grandi Insieme.
Complemento del titolo Genitori e figli 12-18 anni
260 ## - Pubblicazione, distribuzione, ecc. (stampa)
Luogo di pubblicazione, distribuzione, ecc. Milano,
Nome dell'editore, distributore, ecc. Paoline,
Data di pubblicazione, distribuzione, ecc. 2022
500 ## - Nota generale
Nota generale educazione, figli-adolescenti
520 ## - Riassunto, ecc.
Nota di riassunto, ecc. Tratta delle problematiche e delle speranze dell'adolescenza, un'età difficile in cui criticità e fragilità possono trasformarsi in occasioni di consapevolezza e crescita. L'autore presenta i temi più frequenti in questa fascia d'età: desiderio di libertà, rapporto con se stessi e con il gruppo dei pari, figure adulte di riferimento, disordini alimentari, autolesionismo, dipendenze, piercing e tatuaggi, sfide social... Terzo di tre volumi, è aggiornato a temi di attualità e risponde a molte delle domande sulla complessità dell'oggi. Alla fine di ogni capitolo del libro tre Domande e risposte che esaminano situazioni concrete della vita quotidiana. Ogni libro si conclude con L'ABC del cuore: una voce per ogni lettera dell'alfabeto per affrontare in famiglia l'affettività e i suoi aspetti. Sette lettere per ciascun libro.
650 ## - Accesso aggiunto di soggetto--termine topico
Termine topico o nome geografico come accesso Educazione
654 ## - Accesso aggiunto di soggetto--termini topici faccettati
Termine principale saggio
942 ## - Dati aggiuntivi (Koha)
Fonte della classificazione o dello schema di collocazione (segnatura) Dewey Decimal Classification
Tipo copia default (Koha) LIBRO
Dati di copia
Ritirato (status) Perso (status) Fonte della classificazione o dello schema di collocazione (segnatura) Danneggiato (status) Non per il presito Biblioteca proprietaria Biblioteca in cui si trova Data d'acquisizione Totale prestiti Collocazione Codice a barre Data ultima operazione Prezzo in vigore dal Tipo copia default (Koha)
    Dewey Decimal Classification Buone Condizioni Not For Loan CISF - Milano CISF - Milano 09/05/2024   A2463 9788831555364 09/05/2024 09/05/2024 LIBRO
CREDITS: SOCIETA' SAN PAOLO Via A.Severo, 58 - ROMA (RM) & PERIODICI SAN PAOLO SRL Via Giotto, 36 MILANO & CISF Via Giotto, 36 MILANO & EDIZIONI SAN PAOLO SRL,  Piazza Soncino, 5 CINISELLO BALSAMO (MI) -- ITALY